01000nam a2200217 i 4500001000700000003000900007005001700016007000300033008004100036245009300077260007100170300002100241500013000262594007100392610005500463650003700518650005600555852002600611999001900637952012600656111696ES-MaACL20230906185338.0t|180530s1913 sp r ||||1| spa d00aMemoria explicativa de las modificaciones que se introducen en el presupuesto para 1914. aMadrid : b[s.n.], c1913 (fTalleres del Depósito de la Guerra) a32 p. ; c26 cm. aIncluye: Dirección General de Prisiones: Plan de obras durante cinco años, en las prisiones a cargo del Estado (p. 19-32) aPrecede al tít.: Ministerio de Gracia y Justicia. Sección 3ª.04aEspaña. bMinisterio de Gracia y Justicia.93873 4aPresupuestos-zEspaña.9152607 4aEstablecimientos penitenciarios-zEspaña.9145832 aES-MaACLjC-23756(10) c111696d111696 00104070aATENEOMbATENEOMcDEPO2d2018-05-30eSCl0oC-23756(10)p1198888r2023-02-23 00:00:00w2023-02-23yMONOGRAFIA